000 00390nam a2200145Ia 4500
008 220216s9999 xx 000 0 und d
100 _aPucci E
245 2 _aA Note on the gent model for rubber-like materials
260 _bRubber Chemistry and Technology
_c2002
300 _a839-851
650 _aGent model
650 _aRubber-like materials
700 _aSaccomandi G
942 _cJS
999 _c53467
_d53467